MDQL
is popping MORE tags! Check the
thread
!
Quizzes
Events
Quiz Creation
Community
Videos
Private Events
Remove Ads
Sign In
Join for FREE
Feedback
Dark Mode
Quiz Categories
Sports
Geography
Music
Movies
Television
Just For Fun
Miscellaneous
History
Literature
Language
Science
Gaming
Entertainment
Religion
Holiday
For Kids
Quiz Lab
Recent
Popular Today
Quiz Kudos Today
Editor Picks
Curator Picks
Quizzes by...
Day
Popularity
Type
Ratings
Length
Year
Community
Subscriptions
Recent Discussions
Orange Saloon
Badges
Playlists
Quests
Create
Leaderboards
Showdown
Live 5
Trivia Bingo
Activity
Puzzle Library
Sporcle Events
Private Events
Virtual Trivia
Globe League
Become a Host
Pub Owners
SporcleCon
Opinionation
Our Games
Videos
Blog
Mobile Apps
Partnerships
Remove Ads and Go Orange
Feedback
Geography
Country
Landmarks
City
State
Population
World
Capital
Continent
Flags
Europe
Africa
Asia
South America
North America
Oceania
Border
Canada
United Kingdom
Topography
United States
Geography
Country
Landmarks
City
State
Population
World
Capital
Continent
Flags
Europe
Africa
Asia
South America
North America
Oceania
Border
Canada
United Kingdom
Topography
United States
Random Quiz
Search Sporcle
×
Quiz Lab
Quiz Lab
Geography
Population
Type in answers that appear in a list
Type in answers that appear in a list
Classic
Best Score? Go Orange.
25 Most Populous Countries (2050) Stats
Can you name the countries projected by the US Census Bureau to be the world's most populous in 2050?
By
folio1701
4m
25 Questions
199 Plays
199 Plays
199 Plays
Comments
Comments
Give Quiz Kudos
Give Quiz Kudos
-
- Ratings
hide this ad
More Info
Replay
Link that replays current quiz
Next Quiz
Link to next quiz in quiz playlist
You Got
0%
They Got
Avg Score
79%
Avg Friend Score
Upgrade to see
Score Distribution
Jump to the score distribution portion of the page
Score
0/25
Timer
04:00
0
Plays Today
Population (2050)
Country
% Correct
1,656,553,632
India
99.5%
1,303,723,332
China
99.5%
422,554,384
United States of America
98.5%
402,425,535
Nigeria
91%
313,020,847
Indonesia
90.5%
71,541,906
Germany
89.4%
260,692,493
Brazil
88.4%
290,847,790
Pakistan
87.4%
71,153,797
United Kingdom
87.4%
69,768,223
France
86.9%
109,187,353
Russia
85.9%
107,209,536
Japan
84.9%
147,907,650
Mexico
82.9%
Population (2050)
Country
% Correct
137,872,522
Egypt
82.9%
250,155,274
Bangladesh
76.4%
278,283,137
Ethiopia
75.9%
100,044,564
Iran
74.9%
111,173,583
Vietnam
72.4%
144,805,434
Democratic Republic of the Congo
71.9%
171,964,187
Philippines
68.3%
100,955,188
Turkey
68.3%
97,164,847
Sudan
66.3%
70,755,460
Kenya
60.3%
128,007,514
Uganda
49.2%
70,673,160
Myanmar
45.2%
Quiz Playlist
Details
Report
Send in Message
Add To Playlist
More Info:
The population projections used in this quiz were released in June 2011.
Classic:
Type in answers that appear in a list
Quiz Source
Last Updated: Feb 16, 2017
Quiz Scoreboard
CHALLENGE
Sign Up to Join the Scoreboard
Show All
Scores
Hide
Comments
May contain spoilers
Recently Published
Street Fighter Characters
by Artimus82
Gaming
60s
9x9 Crossword: Cartoon Network
by jackfrog10
Miscellaneous
3m
College Basketball Coaching Resumes
by pancakes188
Sports
9m
More to Explore
Quiz From the Vault
Featured Blog Post
Where Did the Easter Bunny Come From?
hide this ad
You Might Also Like...
Tags
Country Quiz
Population Quiz
2011
2050
Today's Top Quizzes in Geography
Browse Geography
hide this ad
Today's Top Quizzes in Population
Browse Population
Top Contributed Quizzes in Geography
1
Countries of the World - No Outlines Minefield
2
Top 25 Cities of France on a map
3
Any capital of a 'B' country per Continent
4
Any capital of a 'C' country per Continent
5
Closest Countries to UK A-Z
6
Any capital of a 'D' country per Continent
7
5-to-1: US Geography No Hints
8
Any capital of an 'E' country per Continent
9
Find the US States - No Outlines
10
Any capital of an 'F' country per Continent
Explore More
Trending Topics
Anime
Harry Potter
Marvel
Crossword
Kpop
NBA
Disney
Pokémon
Soccer
WWE
Song
Country
NFL
The Office
Puzzle
hide this ad
More By:
folio1701
Quiz
Plays
Rating
Category
Featured
Created
Countries by per Capita Alcohol Consumption
160,846
4.50
Geography
Feb 21, 2011
Top Countries of Naturalized US Citizens
102,818
4.57
Geography
May 2, 2011
Religious Threesomes
99,158
4.16
Religion
Dec 13, 2010
Christian Denomination by Haiku
64,444
3.97
Religion
Mar 1, 2010
Norse Mythology A-Z
46,484
4.12
Religion
May 11, 2011
Go to Creator's Profile
Score Distribution
Quiz Creator Spotlight
folio1701
Follow
Send a Message
Quizzes Created
-
Created Quiz Play Count
-
More By This Creator
Popular Quizzes Today
1
Find the US States - No Outlines Minefield
2
Find the Countries of Europe - No Outlines Minefield
3
The Countries of the World
4
Find the US States
5
Risky Map Clicking: Biggest States A-Z
6
US States
7
Popular People in 1961
8
Movies - When Are They Set?
More Geography Quizzes
Complete the Map Snippet - Semi-blind IV
Quiz Lab
Trending Quizzes
Risky Map Clicking: Least Populous States A-Z
Countries of the World: 200 Million BC
1-10 Letter G Words
Risky Map Clicking: Next State Alphabetically
Adjectives in 80s TV Shows
Recently Updated
Leaping Animals
pecheneg
Reality TV Shows (A-Z)
bhenderson79
Rickey Henderson's Hall of Fame Teammates
pecheneg
Champions League XIs: Arsenal
pecheneg
Quick Pick: Celebrities in WWE's Hall of Fame
aduchscher
A-Z Keypad Blitz II
pecheneg
Multiple Oscar Actors
pecheneg
Mystery Phrase Blitz: Oscar 'Best Actors'
pecheneg
F. Scott Fitzgerald Novels
LTH
Pick 3 Villains
ddd62291
Trending Topics
Crossword
Marvel
Harry Potter
Disney
Anime
Kpop
NBA
Song
The Office
Country
WWE
NFL
Soccer
Puzzle
Pokémon
Your Account Isn't Verified!
In order to create a playlist on Sporcle, you need to verify the email address you used during registration. Go to your
Sporcle Settings
to finish the process.
Report this User
Report this user for behavior that violates our
Community Guidelines
.
Details:
Send Report
Go to the Sporcle.com Mobile Site →
Comments